00488nam a22001817a 450000500170000001000150001702000250003203500130005703700130007008200110008310000270009424500510012126000430017227000440021530000180025994200120027799900170028920100821120720.0 aENG-101336 a9788190782183c90.00 aEN-84769 bDBAD/PUB a005.14 aSubramanian, K.915875 aSoftware testing concepts /cby K. Subramanian aKoradacherrybAruma Publicationsc2009 a35, Gandhi ColonybKoradacherrye613703 a141p.c20cm ( 2ddccBN c42846d42846